[Event "CFriend SL-2003-0-00004 email"]
[Site "Chessfriend.com"]
[Date "2003.02.19"]
[Round "?"]
[White "Arauz, Christopher"]
[Black "Korhonen, Paul"]
[Result "1-0"]
[WhiteElo "838"]
[BlackElo "669"]
[PlyCount "107"]
[EventDate "2003.02.19"]
[EventType "tourn (corr)"]
[EventRounds "12"]
[SourceTitle "Corr 2008"]
[Source "ChessBase"]
[SourceDate "2008.06.24"]
[SourceVersion "1"]
[SourceVersionDate "2008.06.24"]
[SourceQuality "1"]

1. e4 e5 2. Nf3 d6 3. Bc4 h6 4. Nc3 c6 5. d3 Nf6 6. 0-0 Be7 7. Be3 b5 8. Bb3 Bg4 9. h3 Bd7 10. a3 a6 11. Ne2 c5 12. c4 Nc6 13. cxb5 axb5 14. Nh2 b4 15. f4 bxa3 16. bxa3 0-0 17. Ng3 Nd4 18. Bc4 exf4 19. Bxf4 Be6 20. Bxe6 fxe6 21. Nf3 e5 22. Bd2 Rb8 23. Nxd4 cxd4 24. Nf5 Nd7 25. Qg4 Bg5 26. Rf2 Kh7 27. Bb4 Nc5 28. Rf3 g6 29. Nxd6 Rxf3 30. Qxf3 Qxd6 31. Qf7+ Kh8 32. Qc4 Be3+ 33. Kh1 Rc8 34. Ra2 Qa6 35. Rc2 Qxc4 36. Rxc4 Kg7 37. Bxc5 Kf7 38. a4 Bd2 39. Kg1 Ke6 40. Kf2 Ba5 41. Ke2 g5 42. Kd1 Kd7 43. Kc2 Rb8 44. Ba3 Bc7 45. Bb4 Ra8 46. Kb3 Bd6 47. a5 Rb8 48. Ka4 Bxb4 49. Rxb4 Rxb4+ 50. Kxb4 Kc6 51. a6 Kb6 52. a7 Kxa7 53. Kc5 Kb7 54. Kd5 1-0

[Event "CFriend SL-2003-0-00004 email"]
[Site "Chessfriend.com"]
[Date "2003.02.19"]
[Round "?"]
[White "Che Hassan, Nurul Atiqah"]
[Black "Korhonen, Paul"]
[Result "0-1"]
[WhiteElo "657"]
[BlackElo "669"]
[PlyCount "96"]
[EventDate "2003.02.19"]
[EventType "tourn (corr)"]
[EventRounds "12"]
[SourceTitle "Corr 2008"]
[Source "ChessBase"]
[SourceDate "2008.06.24"]
[SourceVersion "1"]
[SourceVersionDate "2008.06.24"]
[SourceQuality "1"]

1. c4 e5 2. Nc3 c6 3. e3 d5 4. cxd5 cxd5 5. d4 e4 6. Nge2 Bb4 7. a3 Bxc3+ 8. bxc3 Nf6 9. g3 Nc6 10. Bg2 Bg4 11. 0-0 0-0 12. Bb2 Re8 13. Qd2 b5 14. Rab1 a6 15. Nf4 h6 16. Ne2 g5 17. Nc1 Bf3 18. Nb3 Nd7 19. Rbc1 Bxg2 20. Kxg2 Nb6 21. Qe2 Nc4 22. Qh5 Qd6 23. Rc2 Qg6 24. Qxg6+ fxg6 25. Nc5 Nxb2 26. Rxb2 g4 27. Nd7 Kg7 28. Nc5 g5 29. Ra1 Re7 30. a4 bxa4 31. Rxa4 a5 32. Rb6 Nd8 33. Rd6 Kf7 34. Rxd5 Ne6 35. Nxe6 Rxe6 36. Rdxa5 Rxa5 37. Rb4 Ke7 38. c4 Rea6 39. c5 Ra4 40. Rb8 Ra8 41. Rb7+ Kf8 42. c6 R4a7 43. Rb5 Rc7 44. d5 Rd8 45. Rc5 Ke7 46. Kf1 Kd6 47. Rb5 Ra8 48. Ke2 Ra2+ 0-1

[Event "CFriend SL-2003-0-00004 email"]
[Site "Chessfriend.com"]
[Date "2003.02.19"]
[Round "?"]
[White "Cherner, Lyle"]
[Black "Korhonen, Paul"]
[Result "0-1"]
[WhiteElo "898"]
[BlackElo "669"]
[PlyCount "47"]
[EventDate "2003.02.19"]
[EventType "tourn (corr)"]
[EventRounds "12"]
[SourceTitle "Corr 2008"]
[Source "ChessBase"]
[SourceDate "2008.06.24"]
[SourceVersion "1"]
[SourceVersionDate "2008.06.24"]
[SourceQuality "1"]

1. e4 e5 2. Nf3 d6 3. d4 Nd7 4. dxe5 dxe5 5. Bc4 h6 6. Nc3 c6 7. 0-0 Ngf6 8. Re1 Qc7 9. Be3 Bc5 10. Bxc5 Nxc5 11. Qd2 Bg4 12. Be2 0-0 13. h3 Bxf3 14. Bxf3 Rad8 15. Qe3 b6 16. Rad1 Rxd1 17. Rxd1 Rd8 18. b4 Rxd1+ 19. Nxd1 Ne6 20. c3 Ng5 21. a3 Nxf3+ 22. Qxf3 c5 23. Qe3 cxb4 24. cxb4 0-1

[Event "CFriend SL-2003-0-00004 email"]
[Site "Chessfriend.com"]
[Date "2003.02.19"]
[Round "?"]
[White "Trevis, Robert R"]
[Black "Korhonen, Paul"]
[Result "1-0"]
[WhiteElo "1470"]
[BlackElo "669"]
[PlyCount "39"]
[EventDate "2003.02.19"]
[EventType "tourn (corr)"]
[EventRounds "12"]
[SourceTitle "Corr 2008"]
[Source "ChessBase"]
[SourceDate "2008.06.24"]
[SourceVersion "1"]
[SourceVersionDate "2008.06.24"]
[SourceQuality "1"]

1. Nf3 d6 2. e4 e5 3. d4 Nc6 4. dxe5 dxe5 5. Qxd8+ Kxd8 6. Bb5 Bd7 7. Bxc6 Bxc6 8. Nxe5 Ke7 9. Nxc6+ bxc6 10. Be3 Ke6 11. Nd2 Nf6 12. f3 Bb4 13. 0-0-0 h6 14. Nb3 a6 15. Nd4+ Kd6 16. c3 Ba5 17. Nf5+ Ke5 18. f4+ Kxe4 19. Ng3+ Kxe3 20. Rhf1 1-0

[Event "CFriend SL-2003-0-00002 email"]
[Site "Chessfriend.com"]
[Date "2003.01.18"]
[Round "?"]
[White "Korhonen, Paul"]
[Black "Croke, Pat"]
[Result "0-1"]
[WhiteElo "571"]
[BlackElo "804"]
[PlyCount "66"]
[EventDate "2003.01.18"]
[EventType "tourn (corr)"]
[EventRounds "12"]
[SourceTitle "Corr 2008"]
[Source "ChessBase"]
[SourceDate "2008.06.24"]
[SourceVersion "1"]
[SourceVersionDate "2008.06.24"]
[SourceQuality "1"]

1. e4 c6 2. d4 d5 3. Nc3 dxe4 4. Nxe4 Nf6 5. Nxf6+ gxf6 6. Be2 Rg8 7. g3 e5 8. c3 Bf5 9. dxe5 Qxd1+ 10. Bxd1 fxe5 11. Ne2 Nd7 12. 0-0 0-0-0 13. f4 e4 14. Nd4 Bc5 15. Be3 Nf6 16. Kg2 Bxd4 17. Bxd4 Ng4 18. Bxg4 Bxg4 19. Rf2 Rge8 20. h3 e3 21. Bxe3 Bxh3+ 22. Kxh3 Rxe3 23. Raf1 Rdd3 24. Rg2 b5 25. Kh4 Rd5 26. g4 Kb7 27. Rg3 Re2 28. Rb1 a5 29. a3 Re6 30. g5 h6 31. gxh6 Rxh6+ 32. Kg4 Rg6+ 33. Kf3 Rd3+ 0-1

[Event "CFriend SL-2003-0-00002 email"]
[Site "Chessfriend.com"]
[Date "2003.01.18"]
[Round "?"]
[White "Korhonen, Paul"]
[Black "Johnson, Aaron"]
[Result "1-0"]
[WhiteElo "571"]
[BlackElo "650"]
[PlyCount "39"]
[EventDate "2003.01.18"]
[EventType "tourn (corr)"]
[EventRounds "12"]
[SourceTitle "Corr 2008"]
[Source "ChessBase"]
[SourceDate "2008.06.24"]
[SourceVersion "1"]
[SourceVersionDate "2008.06.24"]
[SourceQuality "1"]

1. e4 e5 2. Nf3 Nc6 3. d3 Nf6 4. Bg5 Be7 5. Be2 0-0 6. Nbd2 Bb4 7. c3 Bd6 8. 0-0 b6 9. b4 Ba6 10. a4 b5 11. a5 Ne7 12. Bxf6 gxf6 13. Nh4 Kh8 14. Bh5 c5 15. Nf5 Nxf5 16. exf5 cxb4 17. Ne4 Bb7 18. Nxd6 Qc7 19. Nxf7+ Kg8 20. Qg4# 1-0

[Event "CFriend SL-2003-0-00002 email"]
[Site "Chessfriend.com"]
[Date "2003.01.18"]
[Round "?"]
[White "Korhonen, Paul"]
[Black "Nilange, Ashish"]
[Result "1-0"]
[WhiteElo "571"]
[BlackElo "1166"]
[PlyCount "25"]
[EventDate "2003.01.18"]
[EventType "tourn (corr)"]
[EventRounds "12"]
[SourceTitle "Corr 2008"]
[Source "ChessBase"]
[SourceDate "2008.06.24"]
[SourceVersion "1"]
[SourceVersionDate "2008.06.24"]
[SourceQuality "1"]

1. e4 e5 2. Nf3 Nc6 3. Bb5 Nf6 4. d3 Be7 5. 0-0 0-0 6. Bxc6 bxc6 7. Nxe5 Bd6 8. Nc4 Re8 9. Bg5 h6 10. Nxd6 cxd6 11. Bf4 Re6 12. Nd2 Nh5 13. Qxh5 1-0

[Event "CFriend SL-2003-0-00002 email"]
[Site "Chessfriend.com"]
[Date "2003.01.18"]
[Round "?"]
[White "Korhonen, Paul"]
[Black "Schoenbuchner, Gertraud"]
[Result "0-1"]
[WhiteElo "571"]
[BlackElo "817"]
[PlyCount "82"]
[EventDate "2003.01.18"]
[EventType "tourn (corr)"]
[EventRounds "12"]
[SourceTitle "Corr 2008"]
[Source "ChessBase"]
[SourceDate "2008.06.24"]
[SourceVersion "1"]
[SourceVersionDate "2008.06.24"]
[SourceQuality "1"]

1. e4 e6 2. Nc3 Bb4 3. d3 b6 4. Bd2 Nc6 5. a3 Bc5 6. b4 Bd4 7. Nf3 Qf6 8. Bg5 Bxc3+ 9. Ke2 Qg6 10. Rb1 Nd4+ 11. Nxd4 Bxd4 12. Be3 Bxe3 13. fxe3 Qg4+ 14. Kd2 Qxd1+ 15. Rxd1 Nf6 16. Be2 Bb7 17. c4 0-0-0 18. b5 d5 19. e5 Nd7 20. d4 f6 21. Rhg1 fxe5 22. dxe5 dxc4 23. Kc3 Nxe5 24. Bxc4 Rxd1 25. Rxd1 Nxc4 26. Kxc4 Bxg2 27. Rg1 Bd5+ 28. Kb4 g6 29. Rg5 Be4 30. Re5 Bf5 31. Kc4 Rd8 32. a4 Rd2 33. e4 Bg4 34. Rg5 Rg2 35. h3 Bxh3 36. Rxg2 Bxg2 37. e5 h5 38. Kd3 Kd7 39. Ke3 g5 40. Kf2 Bd5 41. Kg3 Bb3 0-1

[Event "CFriend SL-2003-0-00002 email"]
[Site "Chessfriend.com"]
[Date "2003.01.18"]
[Round "?"]
[White "Scott, David"]
[Black "Korhonen, Paul"]
[Result "0-1"]
[WhiteElo "472"]
[BlackElo "571"]
[PlyCount "36"]
[EventDate "2003.01.18"]
[EventType "tourn (corr)"]
[EventRounds "12"]
[SourceTitle "Corr 2008"]
[Source "ChessBase"]
[SourceDate "2008.06.24"]
[SourceVersion "1"]
[SourceVersionDate "2008.06.24"]
[SourceQuality "1"]

1. Nf3 d6 2. g3 e5 3. Bg2 h6 4. d3 Nf6 5. e4 Bg4 6. 0-0 Be7 7. c3 Nc6 8. Nbd2 Qd7 9. Qc2 g5 10. b4 b5 11. Re1 a6 12. h3 Bxf3 13. Bxf3 0-0-0 14. g4 h5 15. Qb3 Rdf8 16. Bb2 hxg4 17. Bxg4 Nxg4 18. hxg4 Qxg4+ 0-1

[Event "IECG CP.2002.P.00111 email"]
[Site "IECG email"]
[Date "2002.10.01"]
[Round "?"]
[White "Howes, Tony"]
[Black "Korhonen, Paul"]
[Result "1-0"]
[WhiteElo "1375"]
[BlackElo "567"]
[PlyCount "81"]
[EventDate "2002.10.01"]
[EventType "tourn (corr)"]
[EventRounds "6"]
[EventCountry "FRA"]
[SourceTitle "Corr 2008"]
[Source "ChessBase"]
[SourceDate "2008.06.24"]
[SourceVersion "1"]
[SourceVersionDate "2008.06.24"]
[SourceQuality "1"]

1. e4 e5 2. Nf3 d6 3. Bc4 h6 4. d4 Nf6 5. dxe5 Nxe4 6. Qd5 Qe7 7. Qxe4 Nc6 8. Bd5 Nxe5 9. Nxe5 Qxe5 10. Qxe5+ dxe5 11. 0-0 c6 12. Bb3 Bf5 13. Be3 Be7 14. Rd1 Rd8 15. Nc3 b6 16. Rxd8+ Bxd8 17. Re1 0-0 18. f3 Be6 19. Bxe6 fxe6 20. Rd1 Bf6 21. Ne4 c5 22. Kf2 Kh7 23. Ke2 Kg6 24. Rd7 Rf7 25. Nxf6 Kxf6 26. Rxf7+ Kxf7 27. Kd3 g5 28. Ke4 Kf6 29. c4 a5 30. a4 h5 31. Bxg5+ Kxg5 32. Kxe5 h4 33. Kxe6 Kf4 34. g3+ hxg3 35. hxg3+ Kxg3 36. Kd5 Kxf3 37. Kc6 Ke4 38. Kxb6 Kd4 39. b3 Kc3 40. Kxc5 Kxb3 41. Kb5 1-0

[Event "IECG CP.2002.P.00111 email"]
[Site "IECG email"]
[Date "2002.10.01"]
[Round "?"]
[White "Korhonen, Paul"]
[Black "Speisser, Patrick"]
[Result "0-1"]
[WhiteElo "567"]
[BlackElo "2145"]
[PlyCount "46"]
[EventDate "2002.10.01"]
[EventType "tourn (corr)"]
[EventRounds "6"]
[EventCountry "FRA"]
[SourceTitle "Corr 2008"]
[Source "ChessBase"]
[SourceDate "2008.06.24"]
[SourceVersion "1"]
[SourceVersionDate "2008.06.24"]
[SourceQuality "1"]

1. e4 e5 2. Nf3 Nc6 3. Bb5 a6 4. Bxc6 dxc6 5. d3 Bd6 6. Bg5 Nf6 7. 0-0 h6 8. Bxf6 Qxf6 9. h3 g5 10. Nh2 h5 11. f3 Bc5+ 12. Kh1 Qg7 13. g4 hxg4 14. Nxg4 Rxh3+ 15. Kg2 Rh4 16. Rh1 Be6 17. Qe1 Bxg4 18. fxg4 Rxg4+ 19. Kf3 Qf6+ 20. Kxg4 Qf4+ 21. Kh3 g4+ 22. Kg2 Qf3+ 23. Kh2 Qh3# 0-1

[Event "IECG CN.2002.0.00289 email"]
[Site "IECG email"]
[Date "2002.04.03"]
[Round "?"]
[White "Korhonen, Paul"]
[Black "Garcia Alonso, Juan Luis"]
[Result "1-0"]
[WhiteElo "525"]
[BlackElo "785"]
[PlyCount "80"]
[EventDate "2002.04.03"]
[EventType "tourn (corr)"]
[EventRounds "6"]
[SourceTitle "Corr 2008"]
[Source "ChessBase"]
[SourceDate "2008.06.24"]
[SourceVersion "1"]
[SourceVersionDate "2008.06.24"]
[SourceQuality "1"]

1. e4 c5 2. d3 Nc6 3. Nf3 d6 4. Be2 Nd4 5. Nxd4 cxd4 6. Bg4 Bxg4 7. Qxg4 Nf6 8. Qd1 e5 9. 0-0 Be7 10. Bg5 0-0 11. Nd2 h6 12. Bxf6 Bxf6 13. Qg4 d5 14. a3 Rc8 15. Rac1 Bg5 16. Rfd1 dxe4 17. Qxe4 Qd6 18. Qxb7 Bxd2 19. Rxd2 Rb8 20. Qxa7 Rxb2 21. Qa5 Rfb8 22. Rdd1 R2b5 23. Qa4 Qc6 24. c3 dxc3 25. Qc2 Rc8 26. Rb1 Rxb1 27. Rxb1 Qc5 28. Rb3 Qa5 29. h3 Qa4 30. g4 Qxb3 31. Qxb3 c2 32. Qb2 c1Q+ 33. Qxc1 Rxc1+ 34. Kg2 Rc3 35. Kf3 Rxd3+ 36. Ke4 Rxa3 37. Kxe5 Rxh3 38. Kf4 Ra3 39. g5 hxg5+ 40. Kxg5 Rf3 1-0

[Event "IECG CN.2002.0.00280 email"]
[Site "IECG email"]
[Date "2002.02.06"]
[Round "?"]
[White "Garcia Alonso, Juan Luis"]
[Black "Korhonen, Paul"]
[Result "0-1"]
[WhiteElo "785"]
[BlackElo "519"]
[PlyCount "26"]
[EventDate "2002.02.06"]
[EventType "tourn (corr)"]
[EventRounds "6"]
[SourceTitle "Corr 2008"]
[Source "ChessBase"]
[SourceDate "2008.06.24"]
[SourceVersion "1"]
[SourceVersionDate "2008.06.24"]
[SourceQuality "1"]

1. d4 d5 2. c4 e6 3. Nc3 Bb4 4. cxd5 Bxc3+ 5. bxc3 exd5 6. Nf3 Ne7 7. e3 0-0 8. Bd3 Bf5 9. Ng5 h6 10. Bxf5 Nxf5 11. Qd3 Qxg5 12. 0-0 Nh4 13. f3 Qxg2# 0-1

[Event "IECG CP.2001.P.00094"]
[Site "IECG email"]
[Date "2001.10.01"]
[Round "?"]
[White "Korhonen, Paul"]
[Black "Varsamis, Christos"]
[Result "0-1"]
[WhiteElo "527"]
[BlackElo "1812"]
[PlyCount "42"]
[EventDate "2001.10.01"]
[EventType "tourn (corr)"]
[EventRounds "6"]
[SourceTitle "Corr 2008"]
[Source "ChessBase"]
[SourceDate "2008.06.24"]
[SourceVersion "1"]
[SourceVersionDate "2008.06.24"]
[SourceQuality "1"]

1. e4 c5 2. c3 Nf6 3. d3 Nc6 4. Bg5 e5 5. Be2 Be7 6. Nf3 0-0 7. 0-0 d5 8. Nfd2 Be6 9. Bf3 b5 10. b3 a5 11. a4 bxa4 12. bxa4 Rb8 13. Bxf6 Bxf6 14. c4 dxc4 15. dxc4 Bg5 16. Nb3 Bxc4 17. Qxd8 Rfxd8 18. Nxa5 Nxa5 19. Re1 Nb3 20. Ra3 Nd4 21. Bg4 Nc2 0-1

[Event "IECG CN.2001.0.00246"]
[Site "IECG email"]
[Date "2001.05.06"]
[Round "?"]
[White "Warrick, Kennard"]
[Black "Korhonen, Paul"]
[Result "1-0"]
[WhiteElo "800"]
[BlackElo "553"]
[PlyCount "37"]
[EventDate "2001.05.06"]
[EventType "tourn (corr)"]
[EventRounds "6"]
[SourceTitle "Corr 2008"]
[Source "ChessBase"]
[SourceDate "2008.06.24"]
[SourceVersion "1"]
[SourceVersionDate "2008.06.24"]
[SourceQuality "1"]

1. e4 e5 2. Nf3 Nc6 3. d4 d5 4. Nxe5 Nxe5 5. dxe5 dxe4 6. Qxd8+ Kxd8 7. Nc3 Bf5 8. Bc4 f6 9. Bf4 Nh6 10. exf6 gxf6 11. 0-0-0+ Bd7 12. Rxd7+ Kxd7 13. Rd1+ Ke7 14. Nd5+ Ke6 15. Nxc7+ Kf5 16. Rd5+ Kxf4 17. Ne6+ Kg4 18. Be2+ Kh4 19. Rh5# 1-0

[Event "IECG CN.2001.0.00236"]
[Site "IECG email"]
[Date "2001.02.18"]
[Round "?"]
[White "Korhonen, Paul"]
[Black "Zazen, Zen"]
[Result "0-1"]
[WhiteElo "575"]
[BlackElo "800"]
[PlyCount "74"]
[EventDate "2001.02.18"]
[EventType "tourn (corr)"]
[EventRounds "6"]
[SourceTitle "Corr 2008"]
[Source "ChessBase"]
[SourceDate "2008.06.24"]
[SourceVersion "1"]
[SourceVersionDate "2008.06.24"]
[SourceQuality "1"]

1. e4 c5 2. Nf3 Nc6 3. d4 cxd4 4. Nxd4 Nf6 5. Nxc6 bxc6 6. Nc3 e5 7. Be2 Bb4 8. Bd2 Bxc3 9. Bxc3 Nxe4 10. Bxe5 Qa5+ 11. Bc3 Nxc3 12. bxc3 Qxc3+ 13. Kf1 Rb8 14. Rb1 Rxb1 15. Qxb1 0-0 16. g3 Re8 17. Qd1 d5 18. Kg2 d4 19. Qd3 Qxd3 20. Bxd3 Be6 21. a3 Bd5+ 22. f3 f5 23. Bxf5 Re3 24. Be4 Rxe4 25. fxe4 Bxe4+ 26. Kg1 Kf7 27. h4 Bxh1 28. Kxh1 Ke6 29. Kg2 Kd5 30. Kf3 Kc4 31. Ke2 Kc3 32. Kd1 h5 33. a4 a5 34. Kc1 c5 35. Kd1 c4 36. Kc1 d3 37. cxd3 cxd3 0-1

[Event "IECG CN.2001.0.00236"]
[Site "IECG email"]
[Date "2001.02.18"]
[Round "?"]
[White "Vandersluys, Paul"]
[Black "Korhonen, Paul"]
[Result "1/2-1/2"]
[WhiteElo "811"]
[BlackElo "575"]
[PlyCount "48"]
[EventDate "2001.02.18"]
[EventType "tourn (corr)"]
[EventRounds "6"]
[SourceTitle "Corr 2008"]
[Source "ChessBase"]
[SourceDate "2008.06.24"]
[SourceVersion "1"]
[SourceVersionDate "2008.06.24"]
[SourceQuality "1"]

1. e4 e5 2. Bc4 Nf6 3. Nc3 Bc5 4. d3 a6 5. Nf3 Nc6 6. 0-0 0-0 7. Bg5 h6 8. Bxf6 Qxf6 9. Nd5 Qd8 10. c3 b5 11. Bb3 d6 12. d4 Bb6 13. a4 Bb7 14. Nxb6 cxb6 15. axb5 axb5 16. Qd3 exd4 17. cxd4 Rxa1 18. Rxa1 b4 19. Bd5 Na5 20. Bxb7 Nxb7 21. Qc4 Re8 22. Nd2 Na5 23. Qxb4 g5 24. Qb5 Qc7 1/2-1/2

[Event "IECG CN.2001.0.00230"]
[Site "IECG email"]
[Date "2001.01.10"]
[Round "?"]
[White "Jenneborg, Seved"]
[Black "Korhonen, Paul"]
[Result "1-0"]
[WhiteElo "821"]
[BlackElo "586"]
[PlyCount "62"]
[EventDate "2001.01.10"]
[EventType "tourn (corr)"]
[EventRounds "6"]
[SourceTitle "Corr 2008"]
[Source "ChessBase"]
[SourceDate "2008.06.24"]
[SourceVersion "1"]
[SourceVersionDate "2008.06.24"]
[SourceQuality "1"]

1. Nf3 c6 2. d4 d5 3. c4 Nf6 4. Nc3 Nbd7 5. cxd5 cxd5 6. Bf4 h6 7. e3 e6 8. h4 Bb4 9. Qb3 Bxc3+ 10. Qxc3 0-0 11. Bd3 Re8 12. 0-0 a6 13. Rac1 b5 14. Qc6 Ra7 15. Bc7 Qe7 16. Bd6 Qd8 17. Rfd1 Bb7 18. Qc7 Qa8 19. Ne5 Bc8 20. Qa5 Nxe5 21. dxe5 Nd7 22. a4 Bb7 23. Rc7 Bc6 24. Rxa7 Qxa7 25. axb5 Ba8 26. Rc1 Qb6 27. Qxb6 Nxb6 28. bxa6 g6 29. b4 Nc8 30. Bc5 Ne7 31. Bxe7 Rxe7 1-0

[Event "IECG QN.2001.0.00159"]
[Site "IECG email"]
[Date "2001.01.04"]
[Round "?"]
[White "Korhonen, Paul"]
[Black "Garcia, Gaetan"]
[Result "0-1"]
[WhiteElo "586"]
[BlackElo "800"]
[PlyCount "70"]
[EventDate "2001.01.04"]
[EventType "tourn (corr)"]
[EventRounds "6"]
[SourceTitle "Corr 2008"]
[Source "ChessBase"]
[SourceDate "2008.06.24"]
[SourceVersion "1"]
[SourceVersionDate "2008.06.24"]
[SourceQuality "1"]

1. e4 e5 2. Nf3 Nc6 3. Be2 Nf6 4. Nc3 d5 5. d3 d4 6. Nb5 a6 7. Na3 Bxa3 8. bxa3 Bg4 9. h3 Be6 10. Ng5 Bd7 11. g4 Na7 12. Nf3 Qe7 13. 0-0 Ba4 14. Qd2 Nd7 15. Qa5 Bxc2 16. Qxc7 Nc5 17. Qxe7+ Kxe7 18. Nxe5 Nb5 19. Bb2 f6 20. Rac1 fxe5 21. Rxc2 Na4 22. f4 Rac8 23. Bd1 Rxc2 24. Bxc2 Nxb2 25. Rb1 Nxd3 26. Bxd3 exf4 27. Bxb5 axb5 28. Rxb5 Ra8 29. Rxb7+ Kf6 30. Rd7 Rxa3 31. Rxd4 Rxa2 32. Rd3 Re2 33. Rd4 Re3 34. Kf2 Rxh3 35. Kg2 Rg3+ 0-1

[Event "IECG QN.2001.0.00159"]
[Site "IECG email"]
[Date "2001.01.04"]
[Round "?"]
[White "Korhonen, Paul"]
[Black "Neil, George"]
[Result "1-0"]
[WhiteElo "586"]
[BlackElo "313"]
[PlyCount "71"]
[EventDate "2001.01.04"]
[EventType "tourn (corr)"]
[EventRounds "6"]
[SourceTitle "Corr 2008"]
[Source "ChessBase"]
[SourceDate "2008.06.24"]
[SourceVersion "1"]
[SourceVersionDate "2008.06.24"]
[SourceQuality "1"]

1. e4 e5 2. Nf3 Nc6 3. Be2 Bc5 4. 0-0 Nf6 5. Nc3 0-0 6. d3 d6 7. a3 Ng4 8. h3 Nf6 9. b4 Bb6 10. Bg5 Re8 11. Nd5 Be6 12. Bxf6 gxf6 13. Nxb6 axb6 14. Nh4 d5 15. Bg4 dxe4 16. Bxe6 Rxe6 17. Qg4+ Kh8 18. Qxe4 Nd4 19. Ra2 Re8 20. Nf3 f5 21. Qe3 f6 22. Nxd4 exd4 23. Qf3 c6 24. Qxf5 Qd5 25. Qxf6+ Kg8 26. Raa1 Re6 27. Qf4 Rae8 28. f3 Qe5 29. Qxe5 Rxe5 30. Kh2 Re2 31. Rac1 Kg7 32. c3 Ra8 33. Rfe1 Ra2 34. Re7+ Kf8 35. Rxb7 R2xa3 36. Rxb6 1-0

[Event "IECG CP.2000.P.00118"]
[Site "IECG email"]
[Date "2000.10.01"]
[Round "?"]
[White "Korhonen, Paul"]
[Black "Atesin, Abdurrahman"]
[Result "0-1"]
[WhiteElo "623"]
[BlackElo "1800"]
[PlyCount "74"]
[EventDate "2000.10.01"]
[EventType "tourn (corr)"]
[EventRounds "6"]
[EventCountry "AUS"]
[SourceTitle "Corr 2008"]
[Source "ChessBase"]
[SourceDate "2008.06.24"]
[SourceVersion "1"]
[SourceVersionDate "2008.06.24"]
[SourceQuality "1"]

1. e4 e6 2. d4 a6 3. e5 b5 4. Nf3 Bb7 5. Bd3 c5 6. Be3 c4 7. Be2 Ne7 8. b3 Qa5+ 9. Bd2 Qc7 10. 0-0 Nd5 11. Nc3 Nxc3 12. Bxc3 b4 13. Bd2 c3 14. Bc1 d6 15. Bf4 Nd7 16. a4 dxe5 17. dxe5 Rd8 18. Bd3 Nc5 19. Qe2 Nxd3 20. cxd3 Bd5 21. Qc2 Bxf3 22. gxf3 Qc6 23. Qe2 Be7 24. Bg3 0-0 25. f4 Qd5 26. Rab1 Qxd3 27. Qxd3 Rxd3 28. Rbd1 Rfd8 29. Rxd3 Rxd3 30. Rc1 Bc5 31. Kf1 Rd2 32. Ke1 f6 33. h4 Kf7 34. h5 h6 35. Bh4 Rb2 36. f3 Rxb3 37. Ra1 Ra3 0-1

[Event "IECG QN.2000.0.00139"]
[Site "IECG email"]
[Date "2000.09.09"]
[Round "?"]
[White "Korhonen, Paul"]
[Black "Michos, Dionyssios"]
[Result "0-1"]
[WhiteElo "639"]
[BlackElo "982"]
[PlyCount "58"]
[EventDate "2000.09.09"]
[EventType "tourn (corr)"]
[EventRounds "6"]
[SourceTitle "Corr 2008"]
[Source "ChessBase"]
[SourceDate "2008.06.24"]
[SourceVersion "1"]
[SourceVersionDate "2008.06.24"]
[SourceQuality "1"]

1. e4 e5 2. Nf3 Nc6 3. Bb5 a6 4. Bxc6 dxc6 5. Nxe5 Qd4 6. Nf3 Qxe4+ 7. Qe2 Qxe2+ 8. Kxe2 Bd6 9. d4 Bf5 10. c3 0-0-0 11. Re1 Nf6 12. Nbd2 Rhe8+ 13. Kf1 Rxe1+ 14. Kxe1 Re8+ 15. Kf1 Bd3+ 16. Kg1 Ng4 17. h3 Nf6 18. b4 g5 19. Bb2 g4 20. Ne1 Be2 21. g3 gxh3 22. Nef3 Ng4 23. Re1 f5 24. a3 f4 25. gxf4 Bxf4 26. Bc1 Bxf3 27. Nxf3 Rxe1+ 28. Nxe1 Bxc1 29. Nc2 h2+ 0-1

[Event "IECG QN.2000.0.00139"]
[Site "IECG email"]
[Date "2000.09.09"]
[Round "?"]
[White "Korhonen, Paul"]
[Black "Ocampo, Lorenzo D Jr"]
[Result "0-1"]
[WhiteElo "639"]
[BlackElo "813"]
[PlyCount "68"]
[EventDate "2000.09.09"]
[EventType "tourn (corr)"]
[EventRounds "6"]
[SourceTitle "Corr 2008"]
[Source "ChessBase"]
[SourceDate "2008.06.24"]
[SourceVersion "1"]
[SourceVersionDate "2008.06.24"]
[SourceQuality "1"]

1. e4 c5 2. Nf3 d6 3. d4 cxd4 4. Nxd4 Nf6 5. Nc3 e5 6. Nf3 Bg4 7. Be2 Nbd7 8. 0-0 Be7 9. Nd5 Nxe4 10. Nxe7 Qxe7 11. Qd5 Nec5 12. Re1 Be6 13. Qd2 h6 14. Qb4 0-0 15. Be3 b6 16. Red1 d5 17. c3 f5 18. Bxc5 bxc5 19. Qb7 Rfb8 20. Qa6 Rxb2 21. Rab1 Nb8 22. Qa3 Rxe2 23. Re1 Rxe1+ 24. Rxe1 e4 25. Nd2 Qd6 26. h4 a6 27. g3 Nd7 28. Rd1 Qc7 29. Qa4 f4 30. Nf1 Nb6 31. Qa5 fxg3 32. fxg3 Bh3 33. Kf2 Qf7+ 34. Ke3 Nc4+ 0-1

[Event "IECG QN.2000.0.00139"]
[Site "IECG email"]
[Date "2000.09.09"]
[Round "?"]
[White "Ocampo, Lorenzo D Jr"]
[Black "Korhonen, Paul"]
[Result "1-0"]
[WhiteElo "813"]
[BlackElo "639"]
[PlyCount "85"]
[EventDate "2000.09.09"]
[EventType "tourn (corr)"]
[EventRounds "6"]
[SourceTitle "Corr 2008"]
[Source "ChessBase"]
[SourceDate "2008.06.24"]
[SourceVersion "1"]
[SourceVersionDate "2008.06.24"]
[SourceQuality "1"]

1. e4 e5 2. f4 d5 3. exd5 Qxd5 4. Nc3 Qe6 5. fxe5 Qxe5+ 6. Qe2 Qxe2+ 7. Bxe2 Nf6 8. d4 Bb4 9. Bd2 0-0 10. 0-0-0 Nc6 11. Nb1 Re8 12. Bxb4 Nxb4 13. a3 Nbd5 14. Bf3 Bg4 15. Rf1 Bxf3 16. Nxf3 b6 17. Re1 Ne4 18. Rhf1 c5 19. dxc5 Nxc5 20. Ne5 f6 21. Nc4 Rxe1+ 22. Rxe1 Rd8 23. b4 Nd7 24. Ne3 Re8 25. Kd2 Nxe3 26. Rxe3 Rxe3 27. Kxe3 Ne5 28. h3 Nc4+ 29. Kd4 Ne5 30. c4 Kf7 31. Nc3 Ke6 32. c5 Nc6+ 33. Kc4 g5 34. Ne2 Ne5+ 35. Kb5 bxc5 36. Kxc5 Nd3+ 37. Kb5 h5 38. Ka6 Kd5 39. Nc3+ Kc4 40. Ne4 Kb3 41. b5 Kxa3 42. Kxa7 f5 43. b6 1-0